000
00334pab a2200157 454500
008
180718b1998 xxu||||| |||| 00| 0 eng d
100
_a
Bajaj, B.L.
245
_a
Time management
260
_c
1998
300
_a
p.33-40
362
_a
Jan-Jun
650
_a
Time
650
_a
Management
773
_a
Prashasnika
909
_a
39895
999
_c
39895
_d
39895